[Event "TSN 2022 - U15"]
[Site "Frydek-Mistek, Czech Republic"]
[Date "2022.04.17"]
[Round "8.3"]
[White "Sokhor, Nazar"]
[Black "Pressler, Tobias"]
[Result "0-1"]
[WhiteElo "1478"]
[BlackElo "1862"]
[PlyCount "104"]
[EventDate "2022.??.??"]

1. d4 d5 2. Bf4 Nf6 3. e3 g6 4. Nf3 Bg7 5. Be2 Nbd7 6. h3 c5 7. c3 b6 8. Nbd2
Bb7 9. Ne5 Rc8 10. O-O O-O 11. Rc1 e6 12. b4 Qe7 13. Qb3 Nxe5 14. Bxe5 Rfd8 15.
Rfd1 Ne8 16. Bxg7 Kxg7 17. bxc5 bxc5 18. Qa3 Ba8 19. Nb3 Nf6 20. Qa5 Ne4 21.
Bf3 Nd6 22. Be2 c4 23. Nc5 Rb8 24. Rb1 Bc6 25. Na6 Rb5 26. Rxb5 Bxb5 27. Nc5
Bc6 28. Rb1 h5 29. Bd1 Kh6 30. Bc2 Rc8 31. Ba4 Bxa4 32. Qxa4 Rc7 33. Na6 Rb7
34. Rb4 Ne4 35. Qc2 Rxb4 36. Nxb4 a5 37. Nc6 Qa3 38. Qe2 Qxc3 39. g4 hxg4 40.
hxg4 Qc1+ 41. Kg2 c3 42. Qf3 Qe1 43. Ne5 f5 44. Qf4+ g5 45. Qh2+ Kg7 46. Nd3
Qe2 47. Qc7+ Kh6 48. Qd8 Qxg4+ 49. Kf1 Qh3+ 50. Kg1 Qg4+ 51. Kf1 Nd2+ 52. Ke1
Qg1+ 0-1

[Event "TSN 2022 - U9"]
[Site "Frydek-Mistek, Czech Republic"]
[Date "2022.04.18"]
[Round "9.2"]
[White "Martikanova, Amalie"]
[Black "Fadrny, Jachym"]
[Result "1-0"]
[WhiteElo "1245"]
[BlackElo "1172"]
[PlyCount "39"]
[EventDate "2022.??.??"]

1. e4 e6 2. d4 d5 3. e5 Nd7 4. Nf3 c5 5. c3 cxd4 6. cxd4 Ne7 7. Nc3 Nc6 8. Be3
Be7 9. Bd3 O-O 10. O-O f6 11. Qc2 Kh8 12. Bxh7 f5 13. Bg6 Bb4 14. Qe2 Be7 15.
Ng5 Bxg5 16. Qh5+ Bh6 17. Bxh6 Nf6 18. exf6 Rxf6 19. Bg5+ Kg8 20. Qh7+ 1-0

[Event "TSN 2022 - U12"]
[Site "Frydek-Mistek, Czech Republic"]
[Date "2022.04.18"]
[Round "9.1"]
[White "Topencik, Bruno"]
[Black "Horkova, Tereza"]
[Result "1/2-1/2"]
[WhiteElo "1349"]
[BlackElo "1448"]
[PlyCount "77"]
[EventDate "2022.??.??"]

1. d4 d5 2. c4 c6 3. Nc3 Nf6 4. Nf3 Qb6 5. Qc2 g6 6. cxd5 cxd5 7. Nxd5 Qa5+ 8.
Bd2 Qxd5 9. Qxc8+ Qd8 10. Qxd8+ Kxd8 11. Ne5 Ke8 12. Rc1 Nbd7 13. Nxd7 Kxd7 14.
e3 a6 15. Be2 Bg7 16. Bf3 Rab8 17. O-O g5 18. g3 g4 19. Bg2 h5 20. h4 gxh3 21.
Bxh3+ e6 22. Bg2 h4 23. gxh4 Rxh4 24. f3 Rg8 25. Kf2 Nd5 26. Rh1 Bf6 27. Rxh4
Bxh4+ 28. Kf1 Bg5 29. f4 Bh6 30. Bxd5 exd5 31. Ba5 Rc8 32. Rxc8 Kxc8 33. Kf2
Kd7 34. Kf3 f5 35. Kg3 Ke6 36. Kh4 Kf6 37. Kh5 Bf8 38. Bd8+ Ke6 39. Ba5 1/2-1/2

[Event "TSN 2022 - U12"]
[Site "Frydek-Mistek, Czech Republic"]
[Date "2022.04.18"]
[Round "9.2"]
[White "Kotisa, Jan"]
[Black "Buchtova, Viktorie"]
[Result "1/2-1/2"]
[WhiteElo "1322"]
[BlackElo "1504"]
[PlyCount "55"]
[EventDate "2022.??.??"]

1. e4 c5 2. Nf3 Nc6 3. d4 cxd4 4. Nxd4 g6 5. Be3 Bg7 6. Be2 Nf6 7. Nc3 d6 8.
O-O O-O 9. Nb3 Bd7 10. f4 Rc8 11. Kh1 h5 12. Bf3 Ng4 13. Qe2 Nb4 14. Bd4 e5 15.
fxe5 Nxe5 16. Bxe5 Bxe5 17. a3 Nc6 18. Rad1 Be6 19. Qf2 Bxc3 20. bxc3 Ne5 21.
Qxa7 Nxf3 22. gxf3 Rxc3 23. Qxb7 Rxc2 24. Nd4 Ra2 25. Ra1 Rd2 26. Rad1 Rxd1 27.
Rxd1 Qa5 28. Qb4 1/2-1/2

[Event "TSN 2022 - U12"]
[Site "Frydek-Mistek, Czech Republic"]
[Date "2022.04.18"]
[Round "9.3"]
[White "Belocky, Daniel"]
[Black "Vancakova, Veronika"]
[Result "1/2-1/2"]
[WhiteElo "1047"]
[BlackElo "1300"]
[PlyCount "79"]
[EventDate "2022.??.??"]

1. d4 Nf6 2. c4 g6 3. Nf3 Bg7 4. Nc3 d5 5. Bf4 c6 6. e3 O-O 7. Be2 Bf5 8. O-O
Nbd7 9. Qb3 Qb6 10. Qa3 dxc4 11. Bxc4 Qd8 12. Rfe1 Nb6 13. Bb3 Ne4 14. Nxe4
Bxe4 15. Nd2 Bd5 16. Bxd5 cxd5 17. Rac1 e5 18. dxe5 Re8 19. Nf3 Nc4 20. Qc3 Qe7
21. e4 Nxe5 22. Bxe5 Bxe5 23. Nxe5 Qxe5 24. exd5 Qxd5 25. h3 Qd7 26. Red1 Qe6
27. a3 Rac8 28. Qd4 a6 29. Qb4 Rxc1 30. Rxc1 Qe7 31. Qb6 Rd8 32. b4 Rd6 33. Qc5
Re6 34. Qc8+ Kg7 35. Qc3+ Qf6 36. Qxf6+ Kxf6 37. Rc7 Re7 38. Rc3 Re1+ 39. Kh2
Re7 40. f4 1/2-1/2

[Event "TSN 2022 - U15"]
[Site "Frydek-Mistek, Czech Republic"]
[Date "2022.04.18"]
[Round "9.1"]
[White "Pressler, Tobias"]
[Black "Vasinek, Martin"]
[Result "1-0"]
[WhiteElo "1862"]
[BlackElo "1776"]
[PlyCount "77"]
[EventDate "2022.??.??"]

1. e4 c5 2. Nf3 Nc6 3. d4 cxd4 4. Nxd4 g6 5. c4 Bg7 6. Be3 Nf6 7. Nc3 O-O 8.
Be2 d6 9. O-O Nxd4 10. Bxd4 Be6 11. Rc1 Rc8 12. b3 b6 13. f4 Qd7 14. h3 Ne8 15.
Nd5 Bxd5 16. exd5 Bxd4+ 17. Qxd4 Ng7 18. Bg4 f5 19. Bf3 Rfe8 20. Rfe1 h6 21.
Re3 Kh7 22. Rce1 Rc7 23. Kf2 b5 24. Be2 e6 25. Bd3 a6 26. dxe6 Nxe6 27. Qf6 Ng7
28. cxb5 Rxe3 29. Rxe3 axb5 30. g4 Ne8 31. Qe6 Ng7 32. Qxd7 Rxd7 33. Bxb5 Rc7
34. a4 fxg4 35. hxg4 h5 36. gxh5 Nxh5 37. f5 g5 38. Rh3 Rc2+ 39. Be2 1-0

[Event "TSN 2022- U15"]
[Site "Frydek-Mistek, Czech Republic"]
[Date "2022.04.18"]
[Round "9.2"]
[White "Benci, Jozef"]
[Black "Fizer, Marek"]
[Result "1/2-1/2"]
[WhiteElo "1630"]
[BlackElo "1976"]
[PlyCount "59"]
[EventDate "2022.??.??"]

1. e4 c5 2. Nc3 Nc6 3. f4 g6 4. Nf3 Bg7 5. Bb5 Nd4 6. O-O a6 7. Bd3 d6 8. Qe1
c4 9. Bxc4 Nxc2 10. Qg3 Nxa1 11. Ng5 d5 12. Nxd5 e6 13. f5 exd5 14. Bxd5 Bd4+
15. Kh1 Qf6 16. e5 Bxe5 17. Re1 Bxf5 18. Rxe5+ Be6 19. h3 Ne7 20. Nxe6 fxe6 21.
Rxe6 Qf1+ 22. Kh2 Rf8 23. Rxe7+ Kxe7 24. Qe5+ Kd7 25. Be6+ Kc6 26. Qd5+ Kb6 27.
Qd4+ Ka5 28. b4+ Ka4 29. b5+ Ka5 30. Qc3+ 1/2-1/2

[Event "TSN 2022 - U15"]
[Site "Frydek-Mistek, Czech Republic"]
[Date "2022.04.18"]
[Round "9.3"]
[White "Siles, Jan"]
[Black "Langmaier, Michal"]
[Result "1/2-1/2"]
[WhiteElo "1640"]
[BlackElo "1485"]
[PlyCount "76"]
[EventDate "2022.??.??"]

1. d4 d5 2. Nf3 Nf6 3. Bf4 e6 4. e3 Bd6 5. Ne5 O-O 6. Bd3 Nbd7 7. Nd2 Qe7 8.
Ndf3 c5 9. c3 h6 10. O-O Bxe5 11. Nxe5 Nxe5 12. Bxe5 cxd4 13. exd4 Bd7 14. Qe2
Rfc8 15. Kh1 a5 16. Bg3 a4 17. a3 Re8 18. f4 Bc6 19. Bh4 b5 20. f5 exf5 21.
Qxe7 Rxe7 22. Bxf6 gxf6 23. Rxf5 Kg7 24. Kg1 Rae8 25. Rff1 Re3 26. Rad1 Bd7 27.
Kf2 Bc6 28. Rfe1 Rxe1 29. Rxe1 Rxe1 30. Kxe1 Bd7 31. g4 f5 32. gxf5 Kf6 33. h4
Ke7 34. Kd2 f6 35. Kc2 Kd6 36. b3 axb3+ 37. Kxb3 Kc7 38. Kb4 Kb6 1/2-1/2